000
00265nam a22000977a 4500
100
_a
Gohil,Dr. Manoj Kumar
_9
79769
245
_a
Sarojini Naidu Freedom Fighter of India
260
_a
Delhi
_b
Navchetna Sahitya Sadan
_c
2019
650
_a
Children Book
_9
79826
942
_c
BK
999
_c
63402
_d
63402